MARC details
| 000 -LEADER |
| fixed length control field |
02030cam a2200517 i 4500 |
| 001 - CONTROL NUMBER |
| control field |
4129 |
| 003 - CONTROL NUMBER IDENTIFIER |
| control field |
FISKH |
| 005 - DATE AND TIME OF LATEST TRANSACTION |
| control field |
20240607160615.0 |
| 008 - FIXED-LENGTH DATA ELEMENTS--GENERAL INFORMATION |
| fixed length control field |
190116s2019 nyu d 000 1 eng d |
| 010 ## - LIBRARY OF CONGRESS CONTROL NUMBER |
| LC control number |
2019931360 |
| 020 ## - INTERNATIONAL STANDARD BOOK NUMBER |
| International Standard Book Number |
9780062676399 |
| Qualifying information |
(hardcover) |
| 020 ## - INTERNATIONAL STANDARD BOOK NUMBER |
| International Standard Book Number |
9780062676405 |
| 020 ## - INTERNATIONAL STANDARD BOOK NUMBER |
| International Standard Book Number |
0062676393 |
| Qualifying information |
(hardcover) |
| 035 ## - SYSTEM CONTROL NUMBER |
| System control number |
(OCoLC)on1090746174 |
| 040 ## - CATALOGING SOURCE |
| Original cataloging agency |
FM0 |
| Language of cataloging |
eng |
| Transcribing agency |
FM0 |
| Description conventions |
rda |
| Modifying agency |
FM0 |
| -- |
OCO |
| -- |
TCH |
| -- |
OCLCO |
| -- |
VP@ |
| -- |
ZQP |
| -- |
LNC |
| -- |
OCLCO |
| -- |
WYG |
| -- |
OCLCO |
| -- |
FCS |
| -- |
JTH |
| -- |
OCLCO |
| -- |
W8A |
| -- |
OCLCO |
| -- |
TOH |
| -- |
B@L |
| -- |
OCLCO |
| -- |
NL1 |
| -- |
JTH |
| -- |
DLC |
| 042 ## - AUTHENTICATION CODE |
| Authentication code |
lccopycat |
| 050 00 - LIBRARY OF CONGRESS CALL NUMBER |
| Classification number |
PZ7.M2695 |
| 082 04 - DEWEY DECIMAL CLASSIFICATION NUMBER |
| Edition number |
813.6 |
| 100 1# - MAIN ENTRY--PERSONAL NAME |
| Personal name |
Mafi, Tahereh, |
| 245 10 - TITLE STATEMENT |
| Title |
Defy me / |
| Statement of responsibility, etc. |
Tahereh Mafi. |
| 250 ## - EDITION STATEMENT |
| Edition statement |
First paperback edition, 2020 |
| 260 ## - PUBLICATION, DISTRIBUTION, ETC. |
| Place of publication, distribution, etc. |
New York : |
| Name of publisher, distributor, etc. |
Harper, |
| Date of publication, distribution, etc. |
2019 |
| 300 ## - PHYSICAL DESCRIPTION |
| Extent |
352, 11 pages ; |
| Dimensions |
21 cm |
| 490 ## - SERIES STATEMENT |
| Series statement |
Shatter Me |
| Volume/sequential designation |
Book 5 |
| 520 ## - SUMMARY, ETC. |
| Summary, etc. |
Juliette Ferrars isn't who she thinks she is. Still reeling from the explosive events of the Continental Symposium and the secrets Warner has been keeping, Juliette has nowhere to turn and doesn't know whom she can trust. She's desperate for answers, but to get them, she'll have to face the nightmares that have been chasing her for a lifetime. |
| 650 #0 - SUBJECT ADDED ENTRY--TOPICAL TERM |
| Topical term or geographic name entry element |
Ability |
| Form subdivision |
Fiction. |
| 650 #0 - SUBJECT ADDED ENTRY--TOPICAL TERM |
| Topical term or geographic name entry element |
Soldiers |
| Form subdivision |
Fiction. |
| 650 #0 - SUBJECT ADDED ENTRY--TOPICAL TERM |
| Topical term or geographic name entry element |
Dictatorship |
| Form subdivision |
Fiction. |
| 650 #0 - SUBJECT ADDED ENTRY--TOPICAL TERM |
| Topical term or geographic name entry element |
Government, Resistance to |
| Form subdivision |
Fiction. |
| 650 #0 - SUBJECT ADDED ENTRY--TOPICAL TERM |
| Topical term or geographic name entry element |
Young adult fiction. |
| 650 #1 - SUBJECT ADDED ENTRY--TOPICAL TERM |
| Topical term or geographic name entry element |
Ability |
| Form subdivision |
Fiction. |
| 650 #1 - SUBJECT ADDED ENTRY--TOPICAL TERM |
| Topical term or geographic name entry element |
Soldiers |
| Form subdivision |
Fiction. |
| 650 #1 - SUBJECT ADDED ENTRY--TOPICAL TERM |
| Topical term or geographic name entry element |
Dictatorship |
| Form subdivision |
Fiction. |
| 650 #1 - SUBJECT ADDED ENTRY--TOPICAL TERM |
| Topical term or geographic name entry element |
Government, Resistance to |
| Form subdivision |
Fiction. |
| 650 #1 - SUBJECT ADDED ENTRY--TOPICAL TERM |
| Topical term or geographic name entry element |
Science fiction. |
| 650 #7 - SUBJECT ADDED ENTRY--TOPICAL TERM |
| Topical term or geographic name entry element |
YOUNG ADULT FICTION / Dystopian. |
| Source of heading or term |
bisacsh |
| 650 #7 - SUBJECT ADDED ENTRY--TOPICAL TERM |
| Topical term or geographic name entry element |
YOUNG ADULT FICTION / Science Fiction / General. |
| Source of heading or term |
bisacsh |
| 650 #7 - SUBJECT ADDED ENTRY--TOPICAL TERM |
| Topical term or geographic name entry element |
YOUNG ADULT FICTION / Romance / Paranormal. |
| Source of heading or term |
bisacsh |
| 655 #0 - INDEX TERM--GENRE/FORM |
| Genre/form data or focus term |
Young adult fiction. |
| 655 #7 - INDEX TERM--GENRE/FORM |
| Genre/form data or focus term |
Science fiction. |
| Source of term |
lcgft |
| 655 #7 - INDEX TERM--GENRE/FORM |
| Genre/form data or focus term |
Fantasy fiction. |
| Source of term |
lcgft |
| 655 #7 - INDEX TERM--GENRE/FORM |
| Genre/form data or focus term |
Dystopian fiction. |
| Source of term |
lcgft |
| 906 ## - LOCAL DATA ELEMENT F, LDF (RLIN) |
| a |
7 |
| b |
cbc |
| c |
copycat |
| d |
2 |
| e |
ncip |
| f |
20 |
| g |
y-gencatlg |
| 942 ## - ADDED ENTRY ELEMENTS (KOHA) |
| Source of classification or shelving scheme |
Dewey Decimal Classification |
| Koha item type |
Books |
| Suppress in OPAC |
No |